000 00289nam a2200133Ia 4500
008 231129s1986||||xx |||||||||||||| ||spa||
040 _bspa
082 _aCo863 U76a
100 _aUribe Germán
245 0 _aEl ajusticiamiento
260 _c1986
264 _aPijao
942 _2ddc
_cBKS
999 _c10115
_d10115